Felipe II / (Registro nro. 11711)

Detalles MARC
000 -LIDER
fixed length control field 00666nam a2200229 4500
003 - IDENTIFICACDOR DE NÚMERO DE CONTROL
control field DO-SdBPM
005 - DATE AND TIME OF LATEST TRANSACTION
control field 20250109091629.0
008 - ELEMENTOS DE LONGITUD FIJA
fixed length control field 161028b1981 sp 00| 0 spa d
020 ## - ISBN
International Standard Book Number 8430512225
040 ## - FUENTE DE CATALOGACIÓN
Agencia que crea de manera original el registro DO-SdBPM
Idioma de catalogación spa
Agencia que realiza la transcripción BPMSU
082 #4 - NÚMERO DE CLASIFICACIÓN DECIMAL DE DEWEY
Classification number 923.1
Item number F315H 1981
Edition number 22
100 ## - ASIENTO PRINCIPAL -- NOMBRE PERSONAL
Nombre personal Herrera, Juan Ignacio
245 ## - MENCIÓN DE TITULO
Título Felipe II /
Mención de responsabilidad Juan Ignacio Herrera
260 ## - PUBLICACIÓN, DISTRIBUCIÓN, ETC. (PIE DE IMPRENTA)
Lugar de publicación, distribución, etc Barcelona :
Nombre del editor, distribuidor, etc. Susaeta Ediciones ,
Fecha de publicación, distribución, etc 1981
300 ## - DESCRIPCIÓN FÍSICA
Extensión 88 p. :
Dimensiones 21 cm
490 0# - MENCIÓN DE SERIES
Mención de serie Vidas ilustres
600 14 - ENCABEZAMIENTO DE MATERIA--NOMBRE PERSONAL
Nombre personal Felipe
Numeración II
Títulos u otras palabras asociadas con el nombre Rey de España,
Fechas asociadas con el nombre 1527-1598
651 #4 - ENCABEZAMIENTO DE MATERIA--NOMBRE GEOGRÁFICO
Nombre geográfico España
Subdivisión temática general Historia
Subdivisión cronológica 1556-1598.
942 ## - ADDED ENTRY ELEMENTS (KOHA)
Source of classification or shelving scheme Dewey Decimal Classification
Koha item type Libros
945 ## - INFORMACIÓN DE PROCESAMIENTO LOCAL
Información de procesamiento local Inventariado, 2018 / YL
956 ## - LOCAL ELECTRONIC LOCATION AND ACCESS (OCLC)
Nombre de host DGARCIA
Número de acceso 10
Información de compresión BPMSU
Existencias
Withdrawn status Lost status Source of classification or shelving scheme Damaged status Not for loan Collection code Home library Current library Date acquired Source of acquisition Total Checkouts Full call number Barcode Date last seen Price effective from Koha item type
    Dewey Decimal Classification     Colección General Biblioteca Pública Metropolitana Salomé Ureña Biblioteca Pública Metropolitana Salomé Ureña 10/28/2016 Donacion   BPMSU CG 923.1 F315H 1981 BPMSU16100416 10/28/2016 10/28/2016 Libros